000
00314nam a22001337a 4500
020
_a
978-0-552-55783-2
082
_a
823
_b
WIL/S
100
_a
JACQUELINE WILSON
245
_a
SLEEP OVERS
260
_a
GREAT BRITIAN
_b
RANDOM HOUSE
_c
2008
300
_a
112
650
_a
CHILDRENS STORY BOOK
_z
UNITED KINGDOM
942
_c
BK
999
_c
93
_d
93